000 00270nam a2200109Ia 4500
008 200302s9999 xx 000 0 und d
100 _aRuth Rosenthal Maggie Toy Edition
245 _aBuilding Sights
260 _bAcademy edition, Britan
260 _c1995
300 _a127
999 _c4598
_d4598